Top 100 Highest Rated Songs of 2021 - Statistics

General Stats
  • This quiz has been taken 14 times
    8 since last reset
  • The average score is 8 of 100
Answer Stats
# Artist Rating Song % Correct
45 JPEGMAFIA 93 FIRE!
83%
64 Billie Eilish 92 Happier Than Ever
50%
48 Taylor Swift 93 All Too Well (10 Minute Version) (Taylor's Version)
33%
72 Taylor Swift 92 All Too Well (Taylor's Version)
33%
8 JPEGMAFIA 96 DIKEMBE!
33%
75 Baby Keem, Kendrick Lamar 92 family ties
33%
1 JPEGMAFIA 98 HAZARD DUTY PAY!
33%
2 Little Simz 98 Introvert
33%
5 JPEGMAFIA 97 WHAT KINDA RAPPIN' IS THIS?
33%
86 Clairo 92 Amoeba
17%
41 JPEGMAFIA 93 BALD!
17%
20 Parannoul 95 아름다운 세상 (Beautiful World)
17%
47 JPEGMAFIA 93 BMT!
17%
18 SPELLLING 95 Boys at School
17%
28 Ethel Cain 94 Crush
17%
91 JPEGMAFIA 92 DAM! DAM! DAM!
17%
13 JPEGMAFIA 95 DIRTY!
17%
77 JPEGMAFIA 92 END CREDITS
17%
99 SZA 91 Good Days
17%
12 Injury Reserve 96 Knees
17%
36 Silk Sonic 93 Leave The Door Open
17%
94 SPELLLING 91 Little Deer
17%
25 Porter Robinson 94 Musician
17%
54 Squid, Martha Skye Murphy 93 Narrator
17%
61 JPEGMAFIA 92 OG!
17%
26 Injury Reserve 94 Outside
17%
23 LINGUA IGNOTA 94 PENNSYLVANIA FURNACE
17%
4 JPEGMAFIA feat. DATPIFFMAFIA 97 REBOUND!
17%
21 JPEGMAFIA 94 REBOUND!
17%
53 Silk Sonic 93 Smokin Out The Window
17%
15 Black Country, New Road 95 Sunglasses
17%
46 JPEGMAFIA feat. Tkay Maidza 93 THE GHOST OF RANKING DREAD!
17%
58 JPEGMAFIA 93 THOTS PRAYER!
17%
6 JPEGMAFIA feat. Kimbra 97 TIRED, NERVOUS & BROKE!
17%
74 JPEGMAFIA 92 TRUST!
17%
24 JPEGMAFIA 94 UNTITLED
17%
3 Rx Papi & Gud 98 12 Stout Street
0%
70 Parannoul 92 아날로그 센티멘탈리즘 (Analog Sentimentalism)
0%
83 julie 92 april's-bloom
0%
71 JPEGMAFIA 92 ARE U HAPPY?
0%
69 Sufjan Stevens & Angelo De Augustine 92 Back To Oz
0%
92 Converge & Chelsea Wolfe 92 Blood Moon
0%
37 BROCKHAMPTION feat. Danny Brown 93 BUZZCUT
0%
38 Injury Reserve 93 Bye Storm
0%
67 [Parannoul] / Asian Glow / Sonhos TomamConta 92 Colors
0%
82 leroy 92 DILF repellent
0%
49 leroy 93 ...during pride month?
0%
57 Poppy 93 EAT
0%
96 Parannoul 91 변명 (Excuse)
0%
98 Armand Hammer & The Alchemist feat.Earl Sweatshirt 91 Falling out the Sky
0%
50 ICE NINE KILLS 93 Farewell II Flesh
0%
62 Knocked Loose feat. Matt King 92 God Knows
0%
52 Sewerslvt 93 goodbye
0%
11 Lil Ugly Mane 96 HEADBOARD
0%
16 Little Simz 95 How Did You Get Here
0%
9 Little Simz 96 I Love You, I Hate You
0%
42 Ethel Cain 93 Inbred
0%
87 leroy 92 i never go swimming without my lip liner
0%
44 [Parannoul] / Asian Glow / Sonhos TomamConta 93 Insomnia
0%
39 black midi 93 John L
0%
81 death's dynamic shroud 92 Just to be Needed
0%
66 Ghais Guevara 92 Kidnap Mark Cuban Then Hide Away In Cuba
0%
27 Little Simz 94 Little Q, Pt. 2
0%
30 Porter Robinson 94 Look at the Sky
0%
68 [Parannoul] / Asian Glow / Sonhos Tomam Conta 92 Love Migraine
0%
19 LINGUA IGNOTA 95 MAN IS LIKE A SPRING FLOWER
0%
85 Duda Beat 92 Meu Pisêro
0%
56 Little Simz 93 Miss Understood
0%
7 Floating Points, Pharoah Sanders &The London Symphony Orchestra 96 Movement 6
0%
73 Rx Papi & Gud 92 N.L.M.B
0%
29 Black Country, New Road 94 Opus
0%
97 Japanese Breakfast 91 Paprika
0%
43 Black Dresses 93 PEACESIGN!!!!!!!!!!!!!!!!!
0%
78 Knocked Loose 92 Permanent
0%
100 Little Simz feat. Obongjayar 91 Point and Kill
0%
17 Lil Ugly Mane 95 PORCELAIN SLIGHTLY
0%
63 Injury Reserve 92 Postpostpartum
0%
59 Ghais Guevara 93 Prison Riot
0%
89 Indigo De Souza 92 Real Pain
0%
79 James Blake 92 Say What You Will
0%
90 JPEGMAFIA 92 SICK, NERVOUS, & BROKE!
0%
10 Quadeca 96 Sisyphus
0%
40 black midi 93 Slow
0%
22 Porter Robinson 94 Something Comforting
0%
34 Little Simz 93 Standing Ovation
0%
31 Injury Reserve 94 Superman That
0%
35 death's dynamic shroud 93 Tear in Abyss
0%
76 IDLES 92 The Beachland Ballroom
0%
55 BROCKHAMPTON 93 THE LIGHT
0%
93 LINGUA IGNOTA 92 THE ORDER OF SPIRITUAL VIRGINS
0%
33 Dean Blunt 94 the rot
0%
80 LINGUA IGNOTA 92 THE SOLITARY BRETHREN OF EPHRATA
0%
60 Injury Reserve 93 Top Picks for You
0%
88 Little Simz 92 Two Worlds Apart
0%
65 Porter Robinson, Totally Enormous Extinct Dinosaurs 92 Unfold
0%
95 Knocked Loose 91 Where Light Divides the Holler
0%
32 Parannoul 94 흰천장 (White Ceiling)
0%
14 Little Simz feat. Cleo Sol 95 Woman
0%
84 Taylor Swift 92 You Belong With Me (Taylor's Version)
0%
51 Magdalena Bay 93 You Lose!
0%
No matching quizzes found
Score Distribution
Percent of People with Each Score
Percentile by Number Answered
Your Score History
You have not taken this quiz since the last reset